Acción y acumulación de pretensiones / (Registro nro. 4254)

Detalles MARC
000 -LEADER
fixed length control field 00893nam a2200217Ia 4500
003 - CONTROL NUMBER IDENTIFIER
control field OSt
005 - DATE AND TIME OF LATEST TRANSACTION
control field 20200824155358.0
008 - FIXED-LENGTH DATA ELEMENTS--GENERAL INFORMATION
fixed length control field 191128s1978 ck gr 000 0 spa d
020 ## - INTERNATIONAL STANDARD BOOK NUMBER
International Standard Book Number 848272052X
040 ## - CATALOGING SOURCE
Original cataloging agency CO-JMCR
Transcribing agency CO-JMCR
041 0# - LANGUAGE CODE
Language code of text/sound track or separate title spa
082 04 - DEWEY DECIMAL CLASSIFICATION NUMBER
Classification number 347.9 /
Item number R177a
Edition number 23
100 1# - MAIN ENTRY--PERSONAL NAME
Personal name Ramírez Arcila, Carlos,
Relator term autor
9 (RLIN) 9132
245 10 - TITLE STATEMENT
Title Acción y acumulación de pretensiones /
Statement of responsibility, etc. Carlos Ramírez Arcila
260 ## - PUBLICATION, DISTRIBUTION, ETC.
Place of publication, distribution, etc. Bogotá :
Name of publisher, distributor, etc. Temis,
Date of publication, distribution, etc. 1978
300 ## - PHYSICAL DESCRIPTION
Extent 216 páginas ;
Dimensions 23 cm.
505 0# - FORMATTED CONTENTS NOTE
Formatted contents note Antecedentes de la acción en el derecho romano -- La acción en las diferentes épocas del derecho romano -- Divergencias sobre el concepto de acción -- Polémica sobre la acción entre Windsheid y Muther -- Pretensión de tutela del derecho. Teoría de Adolfo
650 14 - SUBJECT ADDED ENTRY--TOPICAL TERM
Topical term or geographic name entry element Procedimiento civil
Geographic subdivision Colombia
9 (RLIN) 9133
650 14 - SUBJECT ADDED ENTRY--TOPICAL TERM
Topical term or geographic name entry element Acciones y defensas
Geographic subdivision Colombia
9 (RLIN) 9134
942 ## - ADDED ENTRY ELEMENTS (KOHA)
Source of classification or shelving scheme Dewey Decimal Classification
Koha item type Books
Existencias
Withdrawn status Lost status Source of classification or shelving scheme Damaged status Not for loan Collection code Home library Current library Date acquired Source of acquisition Total Checkouts Full call number Barcode Date last seen Date last checked out Copy number Koha item type
    Dewey Decimal Classification     Non-fiction Biblioteca Pública José María del Castillo y Rada Biblioteca Pública José María del Castillo y Rada 12/01/2017 Donación 1 347.9 / R177a 201811177 05/16/2024 05/10/2024 Ej.1 Books